Catálogo
 En Linea

Poemas filosóficos del rey Salomón / (Registro nro. 43735)

Detalles MARC
000 -CABECERA
campo de control de longitud fija 01082nam a2200325 i 4500
001 - NÚMERO DE CONTROL
campo de control 000044246
003 - IDENTIFICADOR DEL NÚMERO DE CONTROL
campo de control DO-SdBNP
005 - FECHA Y HORA DE LA ÚLTIMA TRANSACCIÓN
campo de control 20250129172553.0
007 - CAMPO FIJO DE DESCRIPCIÓN FÍSICA--INFORMACIÓN GENERAL
campo de control de longitud fija ta
008 - DATOS DE LONGITUD FIJA--INFORMACIÓN GENERAL
campo de control de longitud fija 140611e200? dr a gr 001 0dspa d
020 ## - NÚMERO INTERNACIONAL ESTÁNDAR DEL LIBRO
ISBN cancelado o inválido 9945432001
040 ## - FUENTE DE LA CATALOGACIÓN
Centro catalogador/agencia de origen DO-SdBNP
Lengua de catalogación spa
Centro/agencia transcriptor BNPHU
041 ## - CÓDIGO DE LENGUA
Código de lengua original spa
082 #4 - NÚMERO DE LA CLASIFICACIÓN DECIMAL DEWEY
Número de clasificación RD861.44
Número de documento/Ítem D919po
Número de edición 22
100 1# - ENTRADA PRINCIPAL--NOMBRE DE PERSONA
Nombre de persona Dunker L., José,
Fechas asociadas al nombre 1943-
9 (RLIN) 1027
245 10 - MENCIÓN DE TÍTULO
Título Poemas filosóficos del rey Salomón /
Mención de responsabilidad, etc. Jesé Dunker L. ; prólogo Federico Henríquez Gratereaux.
264 #1 - PRODUCCIÓN, PUBLICACIÓN, DISTRIBUCIÓN, FABRICACIÓN Y COPYRIGHT
Producción, publicación, distribución, fabricación y copyright Santo Domingo:
Nombre del de productor, editor, distribuidor, fabricante [s.n.],
Fecha de producción, publicación, distribución, fabricación o copyright 200?
300 ## - DESCRIPCIÓN FÍSICA
Extensión 133 p. ;
Otras características físicas il.;
Dimensiones 22 cm.
336 ## - TIPO DE CONTENIDO
Término de tipo de contenido texto
Código de tipo de contenido txt
Fuente rdacontent
337 ## - TIPO DE MEDIO
Nombre/término del tipo de medio sin mediación
Código del tipo de medio n
Fuente rdamedia
338 ## - TIPO DE SOPORTE
Nombre/término del tipo de soporte volumen
Código del tipo de soporte n
Fuente rdacarrier
504 ## - NOTA DE BIBLIOGRAFÍA, ETC.
Nota de bibliografía, etc. Bibliografía : p. 131
590 ## - NOTA LOCAL (RLIN)
Nota local Inventariado, 2023 /LP
600 #0 - PUNTO DE ACCESO ADICIONAL DE MATERIA--NOMBRE DE PERSONA
9 (RLIN) 78781
Nombre de persona Salomón, Rey de Israel,
Fechas asociadas al nombre 973?-933? a. C
650 #0 - PUNTO DE ACCESO ADICIONAL DE MATERIA--TÉRMINO DE MATERIA
Término de materia o nombre geográfico como elemento de entrada Poesía dominicana
9 (RLIN) 78060
650 #0 - PUNTO DE ACCESO ADICIONAL DE MATERIA--TÉRMINO DE MATERIA
9 (RLIN) 83590
Término de materia o nombre geográfico como elemento de entrada Eclesiastés
Subdivisión general Crítica e interpretación
700 12 - PUNTO DE ACCESO ADICIONAL--NOMBRE DE PERSONA
Nombre de persona Henríquez Gratereaux, Federico,
Fechas asociadas al nombre 1937-
Término indicativo de función/relación prólogo
9 (RLIN) 2003
910 ## - DATOS DE OPCIÓN DEL USUARIO (OCLC)
Datos de opción del usuario Validado. Control de calidad MAA
942 ## - ELEMENTOS DE PUNTO DE ACCESO ADICIONAL (KOHA)
Fuente del sistema de clasificación o colocación Dewey Decimal Classification
Tipo de ítem Koha Libro
Existencias
Estado de retiro Estado de pérdida Fuente del sistema de clasificación o colocación Restricciones de uso No para préstamo Código de colección Localización permanente Ubicación/localización actual Ubicación en estantería Fecha de adquisición Signatura topográfica completa Código de barras Fecha visto por última vez Número de copia Precio válido a partir de Tipo de ítem Koha Fuente de adquisición
    Dewey Decimal Classification Préstamo en sala   Dominicana de Servicio Biblioteca Nacional Pedro Henríquez Ureña Biblioteca Nacional Pedro Henríquez Ureña Depósito 13.08.2015 BNPHU DS RD861.44 D919po 2021-1615 25.06.2020 e. 3 25.06.2020 Libro  
    Dewey Decimal Classification   Excluido de préstamo Patrimonio Dominicano Biblioteca Nacional Pedro Henríquez Ureña Biblioteca Nacional Pedro Henríquez Ureña Depósito 11.06.2014 BNPHU PD RD861.44 D919po 2021-1613 25.06.2020   25.06.2020 Libro  
    Dewey Decimal Classification   Excluido de préstamo Patrimonio Dominicano Biblioteca Nacional Pedro Henríquez Ureña Biblioteca Nacional Pedro Henríquez Ureña Depósito 11.06.2014 BNPHU PD RD861.44 D919po 2021-1614 25.06.2020 e. 2 25.06.2020 Libro Donado por Chiqui Vicioso / Fidelio Despradel

Con tecnología Koha